अपना आकाश/ (Record no. 68236)

MARC details
000 -LEADER
fixed length control field 01754nam a22002417a 4500
005 - DATE AND TIME OF LATEST TRANSACTION
control field 20120628140413.0
010 ## - LCCN (DPL NO)
LC control number B-487311-313
020 ## - INTERNATIONAL STANDARD BOOK NUMBER
International Standard Book Number 9789380053530
Terms of availability 150.00
035 ## - SYSTEM CONTROL NUMBER
System control number B-487311-313
037 ## - SOURCE OF ACQUISITION
Source of stock number/acquisition के.के.पब्लिकेशंस
082 ## - DEWEY DECIMAL CLASSIFICATION NUMBER
Classification number 821
100 ## - MAIN ENTRY--PERSONAL NAME
Personal name चतुर्वेदी, सुबोध
245 ## - TITLE STATEMENT
Title अपना आकाश/
Statement of responsibility, etc सुबोध चतुर्वेदी
260 ## - PUBLICATION, DISTRIBUTION, ETC. (IMPRINT)
Place of publication, distribution, etc गाजियाबाद
Name of publisher, distributor, etc अनुभव प्रकाशन
Date of publication, distribution, etc 2012
270 ## - ADDRESS
Address ई-28, लाजपत नगर, साहिबाबाद
City गाजियाबाद
Postal code 5
Telephone number 0120-4112210
300 ## - PHYSICAL DESCRIPTION
Extent 128 पृ.
Dimensions 22 सें.मी.(सजिल्द)
942 ## - ADDED ENTRY ELEMENTS (KOHA)
Source of classification or shelving scheme Dewey Decimal Classification
Item type Hindi Books
Classification part 821
Call number suffix चतुर्वे
Holdings
Withdrawn status Lost status Not for loan Home library Current library Date acquired Cost, normal purchase price Full call number Cost, replacement price Koha item type Collection code Source of acquisition Barcode Copy number
      Andrews Gunj Andrews Gunj 28/06/2012 150.00 821 चतुर्वे 150.00 Hindi Books        
      Central Library Central Library 11/01/2013 150.00 821 चतुर्वे 150.00 Hindi Books Non-fiction के.के.पब्लिकेशंस/2200/17.08.12/1/27.07.12/19.09.12 B-487311 1
      Karol Bagh Karol Bagh 11/01/2013 150.00 821 चतुर्वे 150.00 Hindi Books Non-fiction के.के.पब्लिकेशंस/2200/17.08.12/1/27.07.12/19.09.12 B-487312 1
      Shahdara Branch Shahdara Branch 11/01/2013 150.00 821 चतुर्वे 150.00 Hindi Books Non-fiction के.के.पब्लिकेशंस/2200/17.08.12/1/27.07.12/19.09.12 B-487313 1

© Delhi Public Library
Hit Counter
free hit counter